000 00665cab a2200265 4500
001 ABS68817
008 050316n2005 000 0 eng u
035 _a(Sirsi) u129072
245 _aFocus 1: West End
260 _c2005
490 _aEstates Gazette
_v(0510) 12 March 2005, 69-85(12)
590 _aABS
650 _aLONDON
650 _aWEST END OF LONDON
650 _aMIXED-USE SCHEMES
650 _aINVESTORS
650 _aOFFICES
650 _aRENTS
650 _aRETAIL
650 _aDEVELOPMENT
650 _aREGENTS STREET
650 _aBOND STREET
690 _aPROPERTY-COMMERCIAL PROPERTY-COMMERCIAL PROPERTY MARKET
942 _n0
999 _c74927
_d74927